000 00732cam a22002533a 4500
001 18537
003 PGUSA
005 20140828083408.0
008 060608s2006||||xxu|||||s|||||000 1 eng d
040 _aPGUSA
_beng
042 _adc
050 4 _aPQ
100 1 _aMurger, Henri,
_d1822-1861
245 1 0 _aScènes de la vie de jeunesse :
_bNouvelles
_h[electronic resource] /
_cHenri Murger
260 _bProject Gutenberg,
_c2006
506 _aPublic domain in the USA.
516 _aElectronic text
653 _aCynicism -- Fiction
653 _aEquality -- Fiction
653 _aWorking class -- France -- Fiction
830 0 _aProject Gutenberg
_v18537
856 4 0 _uhttp://www.gutenberg.org/ebooks/18537
942 _cEB
999 _c247792
_d247792